Preguntas de Cultura Literaria - Estadísticas

Estadísticas generales
  • Esta prueba ha sido intentada 220 veces
  • La puntuación promedio es 11 de 50
Estadísticas de respuestas
PREGUNTA RESPUESTA % Correcto
¿Quién escribió La Odisea? Homero
98%
¿Quién es el autor de el Quijote? Miguel de Cervantes Saavedra
97%
¿Quién escribió Hamlet? William Shakespeare
95%
¿Quién es el autor de Cien años de soledad y de El amor en los tiempos del cólera? Gabriel García Márquez
84%
¿A quién se le atribuye la frase "Solo sé que nada sé"? Sócrates
56%
¿Qué escritor chileno escribió Veinte poemas de amor y una canción desesperada? Pablo Neruda
48%
¿Quién escribió Frankenstein? Mary Shelley
41%
¿Quién es el autor de La Divina Comedia? Dante Alighieri
40%
¿Quién es el autor de las novelas Los Miserables y Nuestra Señora de París? El escritor francés Victor Hugo
40%
¿Qué famoso escritor norteamericano escribió en Cuba en 1951 El viejo y el mar? Ernest Hemingway
40%
¿Quién es el autor del libro El Principito? Antoine de Saint Exupéry
38%
¿Qué autor del Renacimiento escribió El príncipe? Nicolás Maquiavelo
38%
Fue Premio Nobel de Literatura en 1957 y escribió El extranjero. Albert Camus
37%
¿Cómo se llamaba el mayor conquistador de damas en la obra de Zorrilla? Don Juan Tenorio
37%
¿Cuál fue la primera novela de Umberto Eco? El nombre de la rosa
32%
Escritor arequipeño que recibió el Nobel de Literatura, autor de La ciudad y los perros, La tía Julia y el escribidor y Pantaleón y las visitadoras. Mario Vargas Llosa
31%
¿Quién escribió la obra Narraciones extraordinarias que incluye los cuentos "El gato negro" y "El corazón delator"? El estadounidense Edgar Allan Poe
30%
Escritora chilena, autora de Cuentos de Eva Luna, Paula y La ciudad de las bestias. Isabel Allende
28%
¿Qué escritor escocés escribió La isla del tesoro? Robert Louis Stevenson
23%
¿Quién es el autor de La flores del mal? Charles Baudelaire
22%
¿Cuál es la novela más traducida de Camilo José Cela? La familia de Pascual Duarte
22%
Escritor checo, autor de la novela La insoportable levedad del ser. Milan Kundera
21%
¿Quién escribió Ensayo sobre la ceguera? El escritor portugués José Saramago
20%
Escritor cubano que luchó por la independencia de su país, autor de Versos sencillos. José Martí
13%
Escritor alemán que recibió el Nobel de Literatura, autor de El tambor de hojalata. Günter Grass
11%
¿Cuál es el seudónimo de la poetisa chilena Lucila Godoy, autora de Sonetos de la Muerte? Gabriela Mistral
10%
¿Cuál era el nombre de Pablo Neruda? Ricardo Eliécer Neftalí Reyes Basoalto
10%
¿Qué obra romántica aborda el tema del suicidio y que tras su publicación muchos lectores imitaron el final del protagonista? Las desventuras del joven Werther del alemán Goethe
9%
¿Quién es el autor de Seis personajes en busca de autor? Luigi Pirandello
9%
¿Qué libro comienza de la siguiente manera? "Al despertar Gregorio Samsa una mañana, tras un sueño intranquilo, se encontró en su cama convertido en un monstruoso insecto." La Metamorfosis de Franz Kafka
6%
Dramaturgo alemán, autor de La ópera de tres centavos y de Madre Coraje. Bertolt Brecht
5%
¿Quién escribió la novela Naná cuyo tema es la prostitución? El francés Emile Zola
5%
Considerado el primer mestizo peruano, autor de Comentarios Reales de los Incas. Inca Garcilaso de la Vega
5%
Escritor andahuaylino, autor de Yawar fiesta, Los ríos profundos y Todas las sangres. José María Arguedas
3%
El movimiento que surge en contra del racionalismo neoclásico se denominó Sturm und drung que significa: Tempestad e ímpetu
2%
Autor de la frase: "El Perú es Lima, Lima es el jirón de la Unión, el jirón de la Unión es el Palais Concert y el Palais Concert soy yo". Abraham Valdelomar, conocido como el Conde de Lemos
1%
¿Quién es el autor de los siguientes versos y a qué poema pertenecen?Soy el cantor de América autóctono y salvaje; mi lira tiene un alma, mi canto un ideal. Mi verso no se mece colgado de un ramaje con un vaivén pausado de hamaca tropical... Blasón de José Santos Chocano
1%
Autor indígena que escribió Nueva corónica y buen gobierno. Felipe Guamán Poma de Ayala
1%
Autor peruano que murió como guerrillero a los 21 años, escribió El río. Javier Heraud
1%
Autor del ensayo Carta a los españoles americanos. Juan Pablo Vizcardo y Guzmán
1%
Autora del poemario Ese puerto existe. La escritora limeña Blanca Varela
1%
¿A qué poema corresponden los siguientes versos y quién los escribió?Hay golpes en la vida, tan fuertes... Yo no sé! Golpes como el odio de Dios; como si ante ellos, la resaca de todo lo sufrido se empozara en el alma... Yo no sé! Los heraldos negros de César Vallejo
1%
Considerado Padre del Teatro Nacional, escribió El sargento Canuto y Ña Catita. Manuel Ascencio Segura
1%
Fue un pensador cáustico y crítico de la realidad nacional, autor de Pájinas libres y Horas de lucha. Manuel González Prada
1%
Escritor arequipeño, autor de Yaravíes inspirados en su amor por Silvia. Mariano Melgar
1%
¿A qué poema corresponden los siguientes versos?Me moriré en París con aguacero, un día del cual tengo ya el recuerdo. Me moriré en París —y no me corro— tal vez un jueves, como es hoy, de otoño. Piedra negra sobre una piedra blanca de César Vallejo
1%
¿A quiénes se denominó "poetas malditos"? A Stephane Mallarmè, Arthur Rimbaud, Charles Baudelaire y Paul Verlaine
0%
Dramaturgo peruano, autor de Collacocha. Enrique Solari Swayne
0%
Poeta barranquino, autor de los siguientes versos:En el pasadizo nebuloso cual mágico sueño de Estambul, su perfil presenta destelloso la niña de la lámpara azul. José María Eguren
0%
Escritor peruano, autor de La escuela de los chismes y El fabricante de deudas. Sebastián Salazar Bondy
0%
No se encontraron pruebas coincidentes
Distribución de puntuación
Porcentaje de gente con cada puntuación
Porcentaje por número respondido
Historial de tus puntuaciones
No has intentado esta prueba.